书目信息 |
| 题名: |
中国古典戏曲名著简论
|
|
| 作者: | 钟林斌 著 | |
| 分册: | ||
| 出版信息: | 沈阳 春风文艺出版社 1979 |
|
| 页数: | 178页 | |
| 开本: | 19cm | |
| 丛书名: | ||
| 单 册: | ||
| 中图分类: | I207.37 , I207.3 | |
| 科图分类: | ||
| 主题词: | ||
| 电子资源: | ||
| ISBN: | ||
| 000 | 00570nam0 2200205 450 | |
| 001 | 1559586350 | |
| 005 | 20150122163330.09 | |
| 091 | @a10158.538@dCNY0.48 | |
| 100 | @a20120905d1979 em y0chiy0121 ea | |
| 101 | 0 | @achi |
| 102 | @aCN@b210000 | |
| 105 | @ay z 000zy | |
| 200 | 1 | @a中国古典戏曲名著简论@9zhong guo gu dian xi qu ming zhu jian lun@f钟林斌著 |
| 210 | @a沈阳@c春风文艺出版社@d1979 | |
| 215 | @a178页@d19cm | |
| 690 | @aI207.37@v5 | |
| 690 | @aI207.3@v4 | |
| 701 | 0 | @a钟林斌@9zhong lin bin@4著 |
| 801 | 0 | @aCN@bTSSF@c20150122 |
| 905 | @aZUCC@dI207.3@eJY59 | |
| 中国古典戏曲名著简论/钟林斌著.-沈阳:春风文艺出版社,1979 |
| 178页;19cm |
| ISBN : |
| ● |
| 相关链接 |
|
|
|
|
正题名:中国古典戏曲名著简论
索取号:I207.3/JY59
 
预约/预借
| 序号 | 登录号 | 条形码 | 馆藏地/架位号 | 状态 | 备注 |
| 1 | 7844219 | 278442197 | 学院路分馆/ [索取号:I207.3/JY59] | 在馆 | |
| 2 | 7844220 | 278442204 | 学院路分馆/ [索取号:I207.3/JY59] | 在馆 | |
| 3 | 7844221 | 278442213 | 学院路分馆/ [索取号:I207.3/JY59] | 在馆 |